00827nam a2200229 a 45000010005000000030009000050080041000140400028000550820020000831000036001032450063001392600059002023000010002616500040002716500065003116500030003766500033004066500025004396500053004646500037005176500043005549587CO-ViMGA141112s2004 ck r 000 u spa d aCO-ViMGAbspacCO-ViMGA04a346.03 R696 V.11 aRodriguez ; Arturo Alessandri, 10aDe la Responsabilidad Extracontractual en el Derecho Civil aSantiago de Chile : bImpreta Universal, c1987 Tomo I a374p.14aCAUSAS EXIMENTES DE RESPONSABILIDAD14aCLAUSULAS DE IRRESPONSABILIDAD Y DE RESPONSABILIDAD ATENUADA14aDEL ABUSO DE LOS DERECHOS14aPRESUNCIONES DE CULPABILIDAD14aREPARACION DEL AÑO14aRESPONSABILIDAD DELICTUAL Y CUASIDELICTUAL CIVIL14aRESPONSABILIDAD EXTRACONTRACTUAL14aRESPONSABILIDAD Y CUASIDELICTUAL CIVIL